01327nam a2200325Ia 4500001001200000003000800012006001900020007001500039008004100054020001800095020001500113020002200128040002100150035002100171050002300192100002300215245013300238260005800371300001900429504006400448533015200512650004600664650003300710650002500743650004200768655002900810710001700839856012600856999001900982ebr10159637CaPaEBRm u cr cn|||||||||990824s1999 mnu sb s001 0 eng d z9780816632473 z0816632464 z0816632472 (pbk.) aCaPaEBRcCaPaEBR a(OCoLC)19181820214aE76.8b.M53 1999eb1 aMichaelsen, Scott.14aThe limits of multiculturalismh[electronic resource] :binterrogating the origins of American anthropology /cScott Michaelsen. aMinneapolis :bUniversity of Minnesota Press,cc1999. axxviii, 245 p. aIncludes bibliographical references (p. 221-237) and index. aElectronic reproduction.bPalo Alto, Calif. :cebrary,d2009.nAvailable via World Wide Web.nAccess may be limited to ebrary affiliated libraries. 0aIndians of North AmericaxHistoriography. 0aEurocentrismzUnited States. 0aIndianistsxHistory. 0aAnthropologyzUnited StatesxHistory. 7aElectronic books.2local2 aebrary, Inc.40uhttp://site.ebrary.com/lib/rucke/Doc?id=10159637zAn electronic book accessible through the World Wide Web; click to view c243605d243605